000 00473nam a2200181Ia 4500
008 240925s9999 xx 000 0 und d
020 _a002312461x
082 _a371.102 BOR
100 _aBorich ,Gary D.
245 0 _aEffective Teaching Methods
250 _a3rd
260 _aNew Jersey:
_bPrintice- Hall Int.
_c,1996.
300 _aix,102p.
_bNA
_fOriginal
500 _aIncludes Index
600 _aEngineering Technology
650 _aSocial Sciences
942 _cBK
999 _c5288
_d5288